Digital media and communication technology / (Record no. 7390)

MARC details
000 -LEADER
fixed length control field 00617 a2200181 4500
010 ## - LCCN (DPL NO)
LC control number ENG-87974
020 ## - INTERNATIONAL STANDARD BOOK NUMBER
International Standard Book Number 9788190480321
Terms of availability 695.00
035 ## - SYSTEM CONTROL NUMBER
System control number EN-71507
037 ## - SOURCE OF ACQUISITION
Source of stock number/acquisition DBAD / PUB
082 14 - DEWEY DECIMAL CLASSIFICATION NUMBER
Classification number 302.23
100 1# - MAIN ENTRY--PERSONAL NAME
Personal name Rawat, K.S.
245 1# - TITLE STATEMENT
Title Digital media and communication technology /
Statement of responsibility, etc by K.S. Rawat
260 ## - PUBLICATION, DISTRIBUTION, ETC. (IMPRINT)
Place of publication, distribution, etc Delhi
Name of publisher, distributor, etc Swastik Publishers & Distributors
Date of publication, distribution, etc 2007
270 ## - ADDRESS
Address 31, Gali No.1, A-Block, Pocket-5, CRP Water Tank, Sonia Vihar
City Delhi
Postal code 110 094
300 ## - PHYSICAL DESCRIPTION
Extent v, 256 p.
Dimensions 22 cm. (HB)
500 ## - GENERAL NOTE
General note Includes bibliographical references and index
942 ## - ADDED ENTRY ELEMENTS (KOHA)
Institution code [OBSOLETE] dpl
Item type English Books
Source of classification or shelving scheme Dewey Decimal Classification
Classification part 302.23
Call number suffix RAW
Holdings
Withdrawn status Lost status Not for loan Collection code Home library Current library Source of acquisition Cost, normal purchase price Full call number Barcode Copy number Cost, replacement price Koha item type
    Not For Loan Non-fiction D.B.Act.Division D.B.Act.Division DBAD/PUB 695.00 302.23 RAW EN-71507 1 695.00 English Books

© Delhi Public Library
Hit Counter
free hit counter